Name that Broadway Musical - Statistics

General Stats
  • This quiz has been taken 1,979 times
  • The average score is 11 of 25
Answer Stats
Hint Answer % Correct
Orphans slam buckets Annie
86%
Guy runs into girl's knife "TEN TIMES!" Chicago
83%
Chandelier falls The Phantom Of The Opera
83%
Hippies Strip Hair
71%
It's a beautiful mornin' in this state Oklahoma
71%
Elders say "Hello!" The Book Of Mormon
71%
Boy loves cow. Boy sells cow. Cow dies. Cow is ressurected. Into The Woods
67%
Do NOT feed Audrey Two Little Shop Of Horrors
67%
"Oh my God, oh my God, you guys!" Legally Blonde
66%
Gay puppet Avenue Q
65%
Hitler's a hit! The Producers
51%
Gamblers get saved Guys and Dolls
50%
Helicopter lands Miss Saigon
48%
Roller skates Starlight Express/Xanadu
40%
Salesman hot for librarian The Music Man
37%
Prostitutes on a turntable Les Miserables
28%
Botched sex-change Hedwig and The Angry Inch
27%
Painter obsessed with dots avoids Dot Sunday in the Park with George
24%
Prostitutes in the second largest state The Best Little Whorehouse in Texas
21%
Chorus of lepers Jesus Christ Superstar
20%
Deaf, dumb, and blind kid The Who's Tommy
19%
Woman screams, shouts. Threatens to stomp rivers, tear down mountans. Dreamgirls
14%
Girl falls in love with injured boy. Boy gets better. Girl dies. Girl becomes tree. Once On This Island
14%
Dance hall hostess want "something better than this" Sweet Charity
13%
Two crazy cat ladies Grey Gardens
4%
No matching quizzes found
Score Distribution
Percent of People with Each Score
Percentile by Number Answered
Your Score History
You have not taken this quiz